Сборник задач по органической химии. Карбоновые кислоты: учебно-методическое пособие

Detalles Bibliográficos
Autor Principal: Штрыкова В. В. Виктория Викторовна
Autor Corporativo: Томский политехнический университет (ТПУ)
Summary:Заглавие с титульного экрана
Сборник задач по органической химии с решениями «Карбоновыекислоты» предназначен для аудиторной и самостоятельной рабо-ты студентов химических специальностей технических и государ-ственных университетов. Представленный задачник является ча-стью учебно-методического комплекса, разрабатываемого кафедрой органической химии и технологии органического синтеза Томского политехнического университета. В домашнем задании«Карбоновые кислоты» 6 задач. Каждая задача содержит 27 вариантов, обозначенными буквами алфавита. Кроме типовых задачпредложены задачи повышенной сложности. Все задачи снабжены решениями. Для каждой типовой задачи приводится подробное решение одного из вариантов, для остальных – даны ответы
Режим доступа: из корпоративной сети ТПУ
Idioma:ruso
Publicado: Томск, Изд-во ТПУ, 2009
Subjects:
Acceso en liña:http://www.lib.tpu.ru/fulltext2/m/2009/m125.pdf
Formato: MixedMaterials Electrónico Libro
KOHA link:https://koha.lib.tpu.ru/cgi-bin/koha/opac-detail.pl?biblionumber=172036

MARC

LEADER 00000nlm0a2200000 4500
001 172036
005 20240122095930.0
035 |a (RuTPU)RU\TPU\book\186515 
090 |a 172036 
100 |a 20091210d2009 m y0rusy50 ca 
101 0 |a rus 
102 |a RU 
105 |a a j 001zy 
135 |a vrcn ---uucaa 
181 0 |a i  
182 0 |a b 
200 1 |a Сборник задач по органической химии. Карбоновые кислоты  |e учебно-методическое пособие  |f В. В. Штрыкова  |g Томский политехнический университет (ТПУ) 
203 |a Текст  |c электронный 
210 |a Томск  |c Изд-во ТПУ  |d 2009 
300 |a Заглавие с титульного экрана 
330 |a Сборник задач по органической химии с решениями «Карбоновыекислоты» предназначен для аудиторной и самостоятельной рабо-ты студентов химических специальностей технических и государ-ственных университетов. Представленный задачник является ча-стью учебно-методического комплекса, разрабатываемого кафедрой органической химии и технологии органического синтеза Томского политехнического университета. В домашнем задании«Карбоновые кислоты» 6 задач. Каждая задача содержит 27 вариантов, обозначенными буквами алфавита. Кроме типовых задачпредложены задачи повышенной сложности. Все задачи снабжены решениями. Для каждой типовой задачи приводится подробное решение одного из вариантов, для остальных – даны ответы 
333 |a Режим доступа: из корпоративной сети ТПУ 
337 |a Adobe Reader 
606 1 |a Карбоновые кислоты  |x Химия  |2 stltpush  |3 (RuTPU)RU\TPU\subj\13852  |9 40396 
610 1 |a карбоновые кислоты 
610 1 |a химические свойства 
610 1 |a задачи 
610 1 |a номенклатура 
610 1 |a химические превращения 
610 1 |a труды учёных ТПУ 
610 1 |a учебные пособия 
610 1 |a электронный ресурс 
675 |a 547.29(076)  |v 3 
700 1 |a Штрыкова  |b В. В.  |c химик  |c доцент Томского политехнического университета, кандидат химических наук  |f 1962-  |g Виктория Викторовна  |3 (RuTPU)RU\TPU\pers\28949  |9 13682 
712 0 2 |a Томский политехнический университет (ТПУ)  |c (1991- )  |3 (RuTPU)RU\TPU\col\376 
801 1 |a RU  |b 63413507  |c 20091210 
801 2 |a RU  |b 63413507  |c 20160420  |g RCR 
856 4 |u http://www.lib.tpu.ru/fulltext2/m/2009/m125.pdf 
942 |c CF